000
00289nam a22001337a 4500
008
170201b xxu||||| |||| 00| 0 eng d
020
_a
9780306452406
041
_a
eng
080
_a
61
100
_a
3
101
_a
SHM
245
_a
TEXBOOK OF HEALTHCARE ETHICS
_c
LOEWY
942
_2
udc
_c
BK
999
_c
4230
_d
4230